Tilastot visalle Maailman meriä kartalla

Klikkaa tästä pelataksesi tätä visaa!

Yleistilastot

  • Tätä visaa on pelattu 690 kertaa
  • Keskiarvotulos 9 / 15

Vastaukset kartalla

Vastauksille on annettu kartalla punavihreä väri sen mukaan, kuinka moni on saanut sen oikein.
 

Vastaustilastot

Meri% Oikein
Itämeri
96%
Mustameri
94%
Välimeri
94%
Punainenmeri
78%
Karibianmeri
75%
Kaspianmeri
73%
Pohjanmeri
73%
Japaninmeri
70%
Etelä-Kiinan meri
46%
Adrianmeri
45%
Arabianmeri
45%
Egeanmeri
39%
Beringinmeri
36%
Tasmaninmeri
33%
Itä-Kiinan meri
32%

Tulosjakauma

Persentiili vastausten määrän mukaan

Jokaisen tuloksen saaneiden osuus

Tuloshistoriasi

Et ole pelannut tätä visaa